La crisis inflacionaria del capitalismo (Registro nro. 24464)

Detalles MARC
000 -LEADER
fixed length control field 00334 a2200109 4500
001 - CONTROL NUMBER
control field ART_8902
005 - DATE AND TIME OF LATEST TRANSACTION
control field 20260410161845.0
008 - FIXED-LENGTH DATA ELEMENTS--GENERAL INFORMATION
fixed length control field 260409a
100 1# - MAIN ENTRY--PERSONAL NAME
Personal name Prebisch, Raúl
245 10 - TITLE STATEMENT
Title La crisis inflacionaria del capitalismo
773 0# - HOST ITEM ENTRY
Title El trimestre económico
Related parts - Vol. XLIX, Nº 193 (ene./mar. 1982)
Record control number REV6933

No hay ítems disponibles.